01663nam a2200433 i 450000100060000000300090000600500170001500800410003202000180007304000360009104100080012704600090013508000110014408000090015524502330016426000950039730000340049233600270052633700540055333800280060738000170063538000400065238800100069250000190070250400270072164800100074865000370075865000310079565000280082665500130085465800370086770000340090470000360093870000350097471000480100971000450105771000290110285600980113153804KOSZ 00520230118105924.0130116s2009 pl a f |000 0 pol d a9788391327937 cKOSZ 005aKOSZ 005dKOSZ 005/HR0 apol k2009 a347.77 a7.0500aWzory przemysłowe w działalności małych i średnich przedsiębiorstw /c[oprac. Alicja Adamczak, Elżbieta Dobosz, Marcin Gędlak] ; Urząd Patentowy Rzeczypospolitej Polskiej, World Intellectual Property Organization. aWarszawa :bKrajowa Izba Gospodarcza,bUrząd Patentowy Rzeczypospolitej Polskiej,c2009. a36 s. :bil. kolor. ;c21 cm. 2rdacontentaTekstbtxt 2rdamediaaBez urządzenia pośredniczącegobn 2rdacarrieraWoluminbnc aDruki ulotne aPublikacje urzędowe i akty prawne a2001- aOpis wg. okł. aWykaz aktów prawnych 7a2001- 4aPrawo własności przemysłowej 4aWłasność przemysłowa 4aWzornictwo przemysłowe 4aPoradnik aPrawo i wymiar sprawiedliwości1 aAdamczak, AlicjaeOpracowanie1 aDobosz, ElżbietaeOpracowanie1 aGędłek, MarcineOpracowanie1 aUrząd Patentowy Rzeczypospolitej Polskiej2 aWorld Intellectual Property Organization2 aKrajowa Izba Gospodarcza uhttp://koha.tu.koszalin.pl/cgi-bin/koha/opac-detail.pl?biblionumber=53804yKatalog online BPK